<?xml version="1.0" encoding="UTF-8"?>
<record
    xmlns:xsi="http://www.w3.org/2001/XMLSchema-instance"
    xsi:schemaLocation="http://www.loc.gov/MARC21/slim http://www.loc.gov/standards/marcxml/schema/MARC21slim.xsd"
    xmlns="http://www.loc.gov/MARC21/slim">

  <leader>01235nam a2200265Ia 4500</leader>
  <controlfield tag="008">120626s20082009mx a          000 0 spa d</controlfield>
  <datafield tag="020" ind1=" " ind2=" ">
    <subfield code="a">9789701514337</subfield>
  </datafield>
  <datafield tag="050" ind1=" " ind2=" ">
    <subfield code="a">TK5105.7 R39 2008</subfield>
  </datafield>
  <datafield tag="100" ind1=" " ind2=" ">
    <subfield code="a">Raya Cabrera, Jos&#xE9; Luis</subfield>
    <subfield code="d">autor</subfield>
    <subfield code="9">12671</subfield>
  </datafield>
  <datafield tag="245" ind1=" " ind2=" ">
    <subfield code="a">Redes locales </subfield>
    <subfield code="b">  : instalaci&#xF3;n y configuraci&#xF3;n b&#xE1;sicas</subfield>
    <subfield code="c"> / Jos&#xE9; Luis Raya Cabrera, Laura Raya Gonz&#xE1;lez y Miguel &#xC1;. Mart&#xED;nez Ruiz</subfield>
  </datafield>
  <datafield tag="260" ind1=" " ind2=" ">
    <subfield code="a">M&#xE9;xico</subfield>
    <subfield code="b"> : Alfaomega</subfield>
    <subfield code="c">, 2009</subfield>
  </datafield>
  <datafield tag="300" ind1=" " ind2=" ">
    <subfield code="a">xi, 400 p&#xE1;ginas</subfield>
    <subfield code="b">: il., fot., tablas</subfield>
  </datafield>
  <datafield tag="336" ind1=" " ind2=" ">
    <subfield code="a">texto</subfield>
  </datafield>
  <datafield tag="337" ind1=" " ind2=" ">
    <subfield code="a">sin medio</subfield>
  </datafield>
  <datafield tag="338" ind1=" " ind2=" ">
    <subfield code="a">vol&#xFA;men</subfield>
  </datafield>
  <datafield tag="490" ind1=" " ind2=" ">
    <subfield code="a">Alfaomega</subfield>
    <subfield code="v">1433</subfield>
  </datafield>
  <datafield tag="500" ind1=" " ind2=" ">
    <subfield code="a">Educaci&#xF3;n Mixta
Inform&#xE1;tica / Redes de Computadoras II (P04-1) / (06 002912)</subfield>
  </datafield>
  <datafield tag="504" ind1=" " ind2=" ">
    <subfield code="a">Incluye: Ap&#xE9;ndice p. 355 ; &#xCD;ndice Alfab&#xE9;tico p. 391</subfield>
  </datafield>
  <datafield tag="505" ind1=" " ind2=" ">
    <subfield code="a">Introducci&#xF3;n a las Redes
Conceptos B&#xE1;sicos y Hardware de Red
Redes Lan
Redes Wan
Internet, Intranet y Extranet
Sistemas Operativos
Administraci&#xF3;n y Gesti&#xF3;n de Redes</subfield>
  </datafield>
  <datafield tag="650" ind1="1" ind2="4">
    <subfield code="a">REDES DE &#xC1;REA LOCAL (REDES DE COMPUTADORAS)</subfield>
    <subfield code="9">12752</subfield>
  </datafield>
  <datafield tag="700" ind1=" " ind2=" ">
    <subfield code="a">Raya Gonz&#xE1;lez, Laura</subfield>
    <subfield code="e">autor</subfield>
    <subfield code="9">15794</subfield>
  </datafield>
  <datafield tag="700" ind1=" " ind2=" ">
    <subfield code="a">Mart&#xED;nez Ru&#xED;z, Miguel A.</subfield>
    <subfield code="e">autor</subfield>
    <subfield code="9">15795</subfield>
  </datafield>
  <datafield tag="942" ind1=" " ind2=" ">
    <subfield code="c">LB</subfield>
  </datafield>
  <datafield tag="952" ind1=" " ind2=" ">
    <subfield code="0">0</subfield>
    <subfield code="1">0</subfield>
    <subfield code="2">ddc</subfield>
    <subfield code="4">0</subfield>
    <subfield code="7">0</subfield>
    <subfield code="a">22</subfield>
    <subfield code="b">22</subfield>
    <subfield code="d">2010-11-26</subfield>
    <subfield code="l">1</subfield>
    <subfield code="o">TK5105.7 R39 2009</subfield>
    <subfield code="p">17 001065</subfield>
    <subfield code="r">2023-08-01</subfield>
    <subfield code="s">2013-11-23</subfield>
    <subfield code="t">1</subfield>
    <subfield code="w">2012-06-26</subfield>
    <subfield code="y">LB</subfield>
    <subfield code="f"></subfield>
  </datafield>
  <datafield tag="952" ind1=" " ind2=" ">
    <subfield code="0">0</subfield>
    <subfield code="1">0</subfield>
    <subfield code="4">0</subfield>
    <subfield code="7">0</subfield>
    <subfield code="a">06</subfield>
    <subfield code="b">06</subfield>
    <subfield code="d">2016-02-04</subfield>
    <subfield code="l">5</subfield>
    <subfield code="o">TK5105.7 R39 2009</subfield>
    <subfield code="p">06 002912</subfield>
    <subfield code="r">2019-11-22</subfield>
    <subfield code="s">2019-11-22</subfield>
    <subfield code="t">1</subfield>
    <subfield code="w">2016-02-04</subfield>
    <subfield code="y">LB</subfield>
  </datafield>
  <datafield tag="952" ind1=" " ind2=" ">
    <subfield code="0">0</subfield>
    <subfield code="1">0</subfield>
    <subfield code="2">lcc</subfield>
    <subfield code="4">0</subfield>
    <subfield code="7">0</subfield>
    <subfield code="a">14</subfield>
    <subfield code="b">14</subfield>
    <subfield code="d">2017-01-06</subfield>
    <subfield code="l">0</subfield>
    <subfield code="o">TK5105.7 R39 2008</subfield>
    <subfield code="p">14 006159</subfield>
    <subfield code="r">2017-01-06</subfield>
    <subfield code="t">1</subfield>
    <subfield code="w">2017-01-06</subfield>
    <subfield code="y">LB</subfield>
  </datafield>
  <datafield tag="999" ind1=" " ind2=" ">
    <subfield code="c">73657</subfield>
    <subfield code="d">73657</subfield>
  </datafield>
</record>
